Women in surveying: (Record no. 121638)

MARC details
000 -LEADER
fixed length control field 01349nam a22002177a 4500
008 - FIXED-LENGTH DATA ELEMENTS--GENERAL INFORMATION
fixed length control field 230807s2023 xxk|||||o|||| 00| 0 eng d
020 ## - INTERNATIONAL STANDARD BOOK NUMBER
ISBN 9781783215010
041 ## - LANGUAGE CODE
Language code of text/sound track or separate title eng
110 ## - MAIN ENTRY--CORPORATE NAME
Corporate author Royal Institution of Chartered Surveyors
245 ## - TITLE STATEMENT
Title Women in surveying:
Subtitle insight report
Medium [Electronic resource]
260 ## - PUBLICATION INFORMATION
Place of publication London,
Publisher Royal Institution of Chartered Surveyors,
Date July 2023
300 ## - PHYSICAL DESCRIPTION
Physical description 25p.
490 ## - SERIES TITLE
Series statement Insight Report
520 ## - ABSTRACT
Abstract For the first time in the Institution’s history, RICS has produced a ‘Women in surveying: insight report’ that looks at the makeup of membership from a binary gender perspective and analyses the results of the flagship 2022 survey of women in the profession. The RICS aim is to share feedback and insight from women on what the barriers to progression and career longevity are so individuals, teams and organisations can reflect and further examine their own behaviours, policies and practices and, more importantly, begin their journey in taking positive action to deliver change with lasting impact
650 ## - KEYWORDS
Keywords DIVERSITY
650 ## - KEYWORDS
Keywords SURVEYING PROFESSION
651 ## - SUBJECT ADDED ENTRY--GEOGRAPHIC NAME
Geographic name United Kingdom
710 ## - ADDED CORPORATE NAME
Added corporate author Royal Institution of Chartered Surveyors
856 ## - ONLINE RESOURCE
Uniform Resource Identifier <a href="https://www.rics.org/content/dam/ricsglobal/documents/reports/Womenin-Surveying_FINAL.pdf">https://www.rics.org/content/dam/ricsglobal/documents/reports/Womenin-Surveying_FINAL.pdf</a>
Public note Available free on RICS.org
942 ## - ADDED ENTRY ELEMENTS (KOHA)
Suppress in OPAC Do not suppress in OPAC
Holdings
Lost status Source of classification or shelving scheme Damaged status Not for loan Current library Shelving location Date acquired Total Checkouts Full call number Date last seen Price effective from Koha item type
  Dewey Decimal Classification     Virtual Online 07/08/2023   ONLINE PUBLICATION 31/01/2025 07/08/2023 Online material